• 首页
  • 本馆介绍
  • 公告通知
  • 最新文献
  • 馆藏检索
  • 电子资源
  • 读者导购
  • 参考咨询
  • 我的图书馆
  • 登录
  • 详细信息显示
  • 放入我的书架
  • 预约/预借图书
  • 作者相关作品
  • 分类相关作品
  • 丛书相关作品
  • 出版社相关作品

书目信息

  • 表格格式
  • 工作单格式
  • 卡片格式
题名:
媒介框架论
    
 
作者: 邵静 著
分册:  
出版信息: 北京   中国社会科学出版社  2013
页数: 330页
开本: 24cm
丛书名:
单 册:
中图分类: D6 , G219.712
科图分类:
主题词: 国家--形象--研究--中国 , 报纸--新闻报道--研究--美国 , 国家 , 形象 , 报纸 , 新闻报道
电子资源:
ISBN: 978-7-5161-3163-3
000 01370nam0 2200325 450
001 519
005 20140905100204.89
010    @a978-7-5161-3163-3@dCNY58.00
100    @a20140228d2013 em y0chiy50 ea
101 0  @achi
102    @aCN@b110000
105    @ay z 000yy
106    @ar
200 1  @a媒介框架论@AMei Jie Kuang Jia Lun@e中国形象在美国报纸中的呈现@EZhong Guo Xing Xiang Zai Mei Guo Bao Zhi Zhong De Cheng Xian@f邵静著@FShao Jing Zhu
210    @a北京@c中国社会科学出版社@d2013
215    @a330页@d24cm
300    @a浙江省哲学社会科学规划后期资助课题成果文库
330    @a本书分别从样本分析、框架总结和比较、框架过程探究、国家形象提升等几个方面对“中国形象在美国主流报纸中的呈现”这一主题进行了深入剖析。在详细梳理国内外涉华报道研究现状与特点的基础上,引入了目前学界较为新颖的框架分析法,利用《纽约时报》和《华盛顿邮报》中近千篇的涉华报道样本,对美国主流媒体中涉及到的有关中国形象的框架进行了归纳、比较与运用。
517 1  @a中国形象在美国报纸中的呈现@AZhong Guo Xing Xiang Zai Mei Guo Bao Zhi Zhong De Cheng Xian
606 0  @a国家@x形象@x研究@y中国
606 0  @a报纸@x新闻报道@x研究@y美国
606 0  @a国家
606 0  @a形象
606 0  @a报纸
606 0  @a新闻报道
690    @aD6@v5
690    @aG219.712@v5
701  0 @a邵静@AShao Jing@g(女,@f1982~)@4著
801  0 @aCN@bTANGWEI@c20140603
905    @b0839098-100@dD6@e118@f3
    
    媒介框架论:中国形象在美国报纸中的呈现/邵静著.-北京:中国社会科学出版社,2013
    330页;24cm
    浙江省哲学社会科学规划后期资助课题成果文库
    
    ISBN 978-7-5161-3163-3:CNY58.00
    本书分别从样本分析、框架总结和比较、框架过程探究、国家形象提升等几个方面对“中国形象在美国主流报纸中的呈现”这一主题进行了深入剖析。在详细梳理国内外涉华报道研究现状与特点的基础上,引入了目前学界较为新颖的框架分析法,利用《纽约时报》和《华盛顿邮报》中近千篇的涉华报道样本,对美国主流媒体中涉及到的有关中国形象的框架进行了归纳、比较与运用。
●
相关链接 在E读中查询图书 在五车中查询图书 在当当中查询图书 在豆瓣中查询图书


正题名:媒介框架论     索取号:D6/118         预约/预借

序号 登录号 条形码 馆藏地/架位号 状态 备注
1 0839098   208390980   第一样本阅览室/ [索取号:D6/118] 在馆    
2 0839099   208390999   第一借阅区/ [索取号:D6/118] 在馆    
3 0839100   208391006   第一借阅区/ [索取号:D6/118] 在馆    
唐山师范学院图书馆 欢迎您!
大连网信软件有限公司© 版权所有